000
00239nam a2200097Ia 4500
001
779322
005
20250826165942.0
008
250824s9999 xx 000 0 und d
245
0
_a
TEPENİN LANETİ
_c
JOHN VERDON
260
_b
KORİDOR YAYINLARI
999
_c
779322
_d
779322